000 00330nam a2200121Ia 4500
008 231129s2003||||xx |||||||||||||| ||spa||
082 _aER- 502
100 _aMontoya Agudelo Mario
245 0 _aPereira viva Tomo 2
260 _c2003
264 _aPereira: Fondo Editorial del Departamento de Risaralda 2003
942 _2ddc
_cBKS
999 _c22666
_d22666